Návrh informačného systému pre správu čerpacích staníc

Salvato in:
Dettagli Bibliografici
Autore principale: Racková, Lenka (Autore)
Altri autori: Kebísek, Michal (Relatore della tesi)
Natura: Manoscritto Libro
Lingua:slovacco
Pubblicazione: 2016
Soggetti:
Accesso online:http://is.stuba.sk/zp/portal_zp.pl?podrobnosti=118348
Tags: Aggiungi Tag
Nessun Tag, puoi essere il primo ad aggiungerne!!

MARC

LEADER 00000ntm a22000003a 4500
001 stuzp55125
003 SK-STU
005 20160719154707.3
007 ta
008 150427s2015----xo-----f-mn---000-0-slo-d
040 |a STU  |b slo 
041 0 |a slo 
100 1 |a Racková, Lenka  |u 066000  |k Z4  |4 aut  |U MTF Materiálovotechnologická fakulta  |T MTF Ústav aplikovanej informatiky, automatizácie a mechatroniky  |X 45617  |U M6000  |Y 86  |7 A000045617 
242 0 1 |a Design of the information system for managing petrol stations  |y eng 
245 1 0 |a Návrh informačného systému pre správu čerpacích staníc 
260 |c 2016 
650 4 |a BPMN  |2 slo 
650 4 |a UML  |2 slo 
650 4 |a Informačný systém  |2 slo 
650 4 |a UML  |2 eng 
650 4 |a BPMN  |2 eng 
650 4 |a Information system  |2 eng 
700 1 |a Kebísek, Michal  |u 066000  |k Z1  |4 ths  |U MTF Materiálovotechnologická fakulta  |T MTF Ústav aplikovanej informatiky, automatizácie a mechatroniky  |X 2798  |U M6000  |Y 86  |7 A000002798 
856 4 |u http://is.stuba.sk/zp/portal_zp.pl?podrobnosti=118348 
996 |c M* DP-12982  |l MMKN  |s P  |a 0  |w stuzp55125_0001 
SQL |a stuzp55125  |b DDP  |c SLO  |d Návrh informačného systému pre správu čerpacích staníc  |e 45617  |f Racková, Lenka  |g 066000  |h 2798  |i Kebísek, Michal  |j 20160601  |k 965  |l 06  |m http://is.stuba.sk/zp/portal_zp.pl?podrobnosti=118348  |n I-AIPP  |o 5.2.14. automatizácia